1640 1382 1510 1100 1234 1211 1812 1301 1702 1744 1577 1868 1226 1338 1026 1329 1167 1401 1697 1970 1697 1193 1180 1515 1464 1937 1756 1850 1753 1550 1346 1447 1591 1191 1349 1219 1342 1555 1908 1404 1327 1413 1144 1065 1451 1678 1494 1311 1972 1372 1664 1367 1004 1529 1992 1283 1273 1402 1960 1316 1082 1207 1117 1661 1020 1411 1624 1690 1700 1540 1151 1010 1519 1844 1880 1889 1152 1538 1614 1359 1231 1318 1548 1484 1226 1940 1846 1803 1363 1844 1806 1205 1828 1227 1943 1076 1357 1029 1402 BCNSPRNW ULIB Ver.6.0+V

เปลี่ยนเป็นภาษาไทย

Change to English
 แสดงรายละเอียดบรรณานุกรม
  กลับหน้าหลัก

Brief Record : Get Marc (ISO 2709) : E-mail record : QR code < ปิดหน้าต่าง
LEADER : 00000nam 2200000uu 4500
001    13399126861
003     ULIB
008    020711s2559 th a 000 0 tha d
060    WY160ส814ก
100    สุนทรีภรณ์ มีพริ้ง
245    การพยาบาลสุขภาพจิตและจิตเวช เล่ม 1
250    พิมพ์ครั้งที่ 1
260    พิษณุโลก :^bโรงพิมพ์ตระกูลไทย,^c2559
650    จิตเวช
945    ^p0^l0^i27425
รายการนี้ยังไม่มีแท็ก
คุณยังไม่ได้ล็อกอิน คุณสามารถมีกิจกรรมร่วมกับเว็บไซต์ได้ แต่ต้องล็อกอินก่อน ::
  ล็อกอิน

รายการสื่อสารสนเทศ

ลำดับที่ ประเภท เลขเรียก/บาร์โค้ด สถานที่ สถานะ
1. วิทยาศาสตร์การแพทย์ และสุขภาพ
วิทยาศาสตร์การแพทย์ และสุขภาพ
WY160ส814ก ฉ.1 
  Barcode: 27425
ห้องสมุดวิทยาเขตนครสวรรค์
►หนังสือทั่วไป:l:General Books
บนชั้น

รายการใกล้เคียง
    หัวเรื่อง [จิตเวช]

BibComment


ยังไม่เคยถูกคอมเมนท์

คอมเมนท์ทรัพยากรรายการนี้
  คอมเมนท์: การพยาบาลสุขภาพจิ..


 Copyright 2026. Bcnsprnw @Library